| 000 | 00497nam a2200193Ia 4500 | ||
|---|---|---|---|
| 008 | 170918s9999 xx 000 0 und d | ||
| 020 | _a9780590259446 | ||
| 050 | _bM488 1996 | ||
| 100 | _aMedearis, Angela Shelf | ||
| 245 | 4 | _aThe 100th day of school / | |
| 245 | _cAngela Shelf Medearis ; illustrated by Joan Holub. | ||
| 260 | _aNew York : | ||
| 260 | _bScholastic, | ||
| 260 | _c1996 | ||
| 300 | _aunpaged : | ||
| 300 | _bcolored illustration ; | ||
| 300 | _c23cm. | ||
| 500 | _a340 | ||
| 999 |
_c341316 _d341316 |
||